Formación de los educadores de la era de la “geoinformacion” : en busca de identidad educativa hacia el 2005

Kaydedildi:
Detaylı Bibliyografya
Yazar: Doryan Garrón, Eduardo (autor)
Diğer Yazarlar: Chavarría, Soledad (autor) (autor), Badilla Saxe, Eleonora (autor) (autor)
Materyal Türü: Kitap
Dil:İspanyolca
Konular:
Online Erişim:Ver documento en línea
Etiketler: Etiketle
Etiket eklenmemiş, İlk siz ekleyin!

MARC

LEADER 00000cam^a2200000uu^4500
001 000526386
005 20260427000000.0
008 052102s2003^^^^^^^^^^^^rd^r^1000^0^spa^d
009 20260427074804.144
035 |a FCE 000070631 
037 |a Acervo ITESO - Biblioteca 
041 |a spa 
095 |a CD 393 
100 |a Doryan Garrón, Eduardo  |e (autor) 
245 1 0 |a Formación de los educadores de la era de la “geoinformacion” :  |b en busca de identidad educativa hacia el 2005  |h [recurso electrónico] 
264 |a Santiago de Chile :  |b [s.n.],  |c 1996. 
300 |a 1 disco compacto (pp. 41-54) :  |c 4 3/4 pulg. 
336 |a texto  |b txt  |2 rdacontenido 
337 |a sin mediación  |b n  |2 rdamedio 
338 |a volumen  |b nc  |2 rdasoporte 
649 |a XX 
650 |a Tecnología 
650 |a Utilización de la información 
650 |a Perfil profesional del docente 
650 |a Formación de docentes 
650 |a Costa Rica 
740 |t En: Boletín Proyecto Principal de Educación en América Latina y el Caribe 
740 |t Reduc: Documentos electrónicos. 
700 |a Chavarría, Soledad  |e (autor) 
700 |a Badilla Saxe, Eleonora  |e (autor) 
856 4 0 |u https://biblioteca.uahurtado.cl/ujah/reduc/pdf/pdf/2645-11.pdf  |y Ver documento en línea 
910 |a Fondo Centro de Estudios Educativos 
920 |a Impresos - Libros 
930 |a Fondos Especiales 
905 |a 133 
902 |a https://opac.biblio.iteso.mx/vufind/Record/000526386